000 004340000a22001690004500
003 MACL
005 20151229121755.0
008 151229b xxu||||| |||| 00| 0 eng d
040 _aMACL
_cMACL
041 _aEnglish
082 _a133/AVA
100 _aAvalon, Arthur
_923638
245 _aThe Great Liberation
_bMahanirvana Tantra
260 _bGanesh & Co Ltd
_c1953
650 _aPure Psychology
_923639
942 _cBK
_k133/AVA
_2ddc
999 _c34466
_d34466